000 00392nam a22001457a 4500
005 20200610142107.0
008 200610b xxu||||| |||| 00| 0 eng d
082 _a345.4 AIR
110 _aALL INDIA REPORTER
_95935
245 _aALL INDIA REPORTER [1977] [VOL-64] SUPREME COURT SECTION
260 _bALL INDIA REPORTER, PVT, LTD.
300 _a1200;p
650 _aLAW
_95701
942 _cJRL
999 _c6997
_d6995